000 00827ngm a22003010a 4500
001 PT19002
003 AR-LpoUNG
005 20210201232244.0
007 co ||u|||uuuuu
008 191001s2002||||ag |||||||||||||||||spa d
020 _a9879285166
_c$30.3
040 _aAR-LpoUNG
_bspa
_cAR-LpoUNG
_eaacr
041 _aspa
044 _aag
082 0 _a910.982 992pro
100 1 _aBuzai, Gustavo Daniel
245 1 0 _aAtlas digital de la cuenca del río Luján :
_bsocio-demográfico, económico y habitacional
260 _aBuenos Aires :
_bUniversidad Nacional de Luján,
_cmayo 2002.
650 4 _aARGENTINA
650 4 _aCARTOGRAFIA
650 4 _aGEOGRAFIA
650 4 _aMAPAS
650 4 _aPOBLACION
651 4 _aArgentina
710 2 _aUniversidad Nacional de Lujan
905 _a19002
942 _cCDDVD
999 _c53120
_d53120